000 00545nam a2200181 i 4500
001 27825
003 ES-MaACL
005 20250903014224.0
007 t|
008 030115s1963 xxu ||||1| eng d
100 1 _aAyres, Frank.
_924191
245 1 0 _aTheory and problems of mathematics of finance /
_cby Frank Ayres.
260 _aNew York :
_bSchaum publisihing Co.,
_c[1963]
300 _a230 p. :
_bil. ;
_c28 cm.
650 7 _aMatemáticas financieras
_2embne
_9151789
852 _aES-MaACL
_jC-35653
_bR.69153
999 _c27825
_d27825